Educación, información y desarrollo
Descripción Física:
IX, 280 p. ; 27 cm
Colección:
Colección de Ciencias Sociales ; 5
Materias:
Comunicació
MARC
| LEADER | 00000nam a2200000Ia 4500 | ||
|---|---|---|---|
| 001 | 2287 | ||
| 008 | 160829s1967 xx 000 0 cat d | ||
| 080 | |a M-1-199 | ||
| 245 | |a Educación, información y desarrollo | ||
| 260 | |a Barcelona : |b Diputación Provincial de Barcelona. Instituto de Ciencias Sociales, |c 1967 | ||
| 300 | |a IX, 280 p. ; |c 27 cm | ||
| 490 | |a Colección de Ciencias Sociales ; 5 | ||
| 650 | |a Comunicació |9 22995 | ||
| 710 | 2 | |a Instituto de Ciencias Sociales (Barcelona, Catalunya) |9 54508 | |
| 901 | |a Arxiu | ||
| 942 | |n 1 | ||
| 952 | |0 0 |1 0 |4 0 |6 M1199 |7 1 |9 44740 |a Arxiu |b Arxiu |d 2016-12-01 |l 0 |o M-1-199 |p 2287 |r 2016-12-01 00:00:00 |w 2016-12-01 |y ARXIU | ||
| 999 | |c 47322 |d 47322 | ||